Towards global optimisation proceedings of a workshop at the university of Cagliari, Italy, October 1974

Gespeichert in:
Bibliographische Detailangaben
Format: Buch
Sprache:Englisch
Veröffentlicht: Amsterdam North-Holland 1975
Tags: Tag hinzufügen
Keine Tags, Fügen Sie das erste Tag hinzu!

MARC

LEADER 00000nam a2200000 4500
001 c140166
005 20041019155318.0
041 0 |a eng 
044 |a NL 
245 1 0 |a Towards global optimisation  |b proceedings of a workshop at the university of Cagliari, Italy, October 1974 
264 1 |a Amsterdam  |b North-Holland  |c 1975 
300 |a 472 s.